Autores historiae ecclesiasticae Eusebii Pamphili Caesariensis episcopi libri IX. Ruffino interprete. Ruffini presbyteri Aquilciensis, libri II. Item ex Theodorico episcopo Cyrensi, Sozomeno, & Socrate Constantinopolitano libri XII versi ab Epiphanio scholastico, adbreviati per Cassiodorum senatorem: unde illis tripartitae historiae vocabulum. Omnia recognita ad antiqua exe[m]plaria latina, per Beatu[m] Rhenanum. His accesserunt Nicephori ecclesiastica historia, incerto interprete. Victoris episcopi libri III de persecutione vuandalica. Theodoriti libri V. nuper ab Ioachimo Caneratio latinitate donatu

Detalles Bibliográficos
Autor principal: Eusebius Pamphilus, ob. de Caeserea, 263-339
Otros Autores: Rufino, tr, Camerarius, Joachim, 1500-1574, Sozomenus, Salaminos Hermias, Cassiadorus, Fluvius Magnus Aurelius, Rhenanus, Beatus, 1485-1547, Ephiphanius, el escolástico, Froben, Hieronymus, 1501-1563, imp, Episcopius, Nikolaus, fl. 1529-1569, imp
Formato: Libro
Lenguaje:Latin
Publicado: Basileae : [per Hieronymum Frobenium et Nicolaum episcopum], 1544.
Materias:
Colección:Banco de datos
Acervo:Universidad Autónoma Benito Juárez de Oaxaca. Biblioteca Francisco de Burgoa. Colección antigua
Descripción Física:[6] h., 668 p. ; f°
Tema general:Historia eclesiástica
Notas:Portada tipográfica con marca del impresor en grabado xilográfico. Nombre de los impresores y fecha de impresión tomados del Catálogo Colectivo de Patrimonio Bibliográfico Español. Texto a renglón seguido con paginación en números arábigos, apostillas marginales, reclamos y signaturas. Incluye capitular con motivos antropomorfos en grabado xilográfico. Encuadernación en pergamino. Marca de fuego: Casa del Noviciado de la Compañía de Jesús de Oaxaca, Oax. Marca de fuego: Convento de Santo Domingo de Oaxaca, Oax. Ex libris manuscrito en la portada: "Attinet Conventu Fr. Dmici de Guaxaca". Libro expurgado. Nota de expurgo: "en virtud de comission del Sto. Officio, y segun el expurgatorio del año de 1707. expurgue este libro segun los regs. de dicho expurgatorio. Guaxa. a 12 de agosto de 1717. Fr. Leonardo Levanto"
LEADER 02600nam a22002770004500
035 |a 496 
041 0 |a lat 
100 1 |a Eusebius Pamphilus, ob. de Caeserea, 263-339 
245 1 0 |a Autores historiae ecclesiasticae Eusebii Pamphili Caesariensis episcopi libri IX. Ruffino interprete. Ruffini presbyteri Aquilciensis, libri II. Item ex Theodorico episcopo Cyrensi, Sozomeno, & Socrate Constantinopolitano libri XII versi ab Epiphanio scholastico, adbreviati per Cassiodorum senatorem: unde illis tripartitae historiae vocabulum. Omnia recognita ad antiqua exe[m]plaria latina, per Beatu[m] Rhenanum. His accesserunt Nicephori ecclesiastica historia, incerto interprete. Victoris episcopi libri III de persecutione vuandalica. Theodoriti libri V. nuper ab Ioachimo Caneratio latinitate donatu 
260 |a Basileae : [per Hieronymum Frobenium et Nicolaum episcopum], 1544. 
300 |a [6] h., 668 p. ; f° 
500 |a Portada tipográfica con marca del impresor en grabado xilográfico. Nombre de los impresores y fecha de impresión tomados del Catálogo Colectivo de Patrimonio Bibliográfico Español. Texto a renglón seguido con paginación en números arábigos, apostillas marginales, reclamos y signaturas. Incluye capitular con motivos antropomorfos en grabado xilográfico. Encuadernación en pergamino. Marca de fuego: Casa del Noviciado de la Compañía de Jesús de Oaxaca, Oax. Marca de fuego: Convento de Santo Domingo de Oaxaca, Oax. Ex libris manuscrito en la portada: "Attinet Conventu Fr. Dmici de Guaxaca". Libro expurgado. Nota de expurgo: "en virtud de comission del Sto. Officio, y segun el expurgatorio del año de 1707. expurgue este libro segun los regs. de dicho expurgatorio. Guaxa. a 12 de agosto de 1717. Fr. Leonardo Levanto" 
600 1 4 |a Socrátes, el escolástico. Historia eclesiástica. Theodoretus, ob. de Ciro. Historia eclesiastica. Rufino de Aquileya, 345-46. Historia eclesiastica  
650 1 0 |a Historia eclesiástica 
700 1 |a Rufino, tr. 
700 1 |a Camerarius, Joachim, 1500-1574 
700 1 |a Sozomenus, Salaminos Hermias 
700 1 |a Cassiadorus, Fluvius Magnus Aurelius 
700 1 |a Rhenanus, Beatus, 1485-1547 
700 1 |a Ephiphanius, el escolástico 
700 1 |a Froben, Hieronymus, 1501-1563, imp. 
700 1 |a Episcopius, Nikolaus, fl. 1529-1569, imp. 
852 |a Universidad Autónoma "Benito Juárez" de Oaxaca, Biblioteca Francisco de Burgoa, Colección antigua 1783 
942 |c BURANT 
943 |g Universidad Autónoma Benito Juárez de Oaxaca. Biblioteca Francisco de Burgoa. Colección antigua 
999 |c 1111507  |d 1111507